Analýza hrubej poľnohospodárskej produkcie na roky 1948-1984 záverečná práca postgraduálneho štúdia

Gespeichert in:
Bibliographische Detailangaben
1. Verfasser: Horváthová, Marta
Körperschaft: Vysoká škola ekonomická v Bratislave
Weitere Verfasser: Chajdiak, Jozef
Format: Buch
Sprache:Slowakisch
Veröffentlicht: Bratislava 1987
Tags: Tag hinzufügen
Keine Tags, Fügen Sie das erste Tag hinzu!

MARC

LEADER 00000nam a2200000 4500
001 c023185
005 20230116091301.3
041 0 |a slo 
044 |a SK 
245 1 0 |a Analýza hrubej poľnohospodárskej produkcie na roky 1948-1984  |b záverečná práca postgraduálneho štúdia  |c Marta Horváthová ; Ved. práce Jozef Chajdiak 
264 1 |a Bratislava  |c 1987 
300 |a 73 s. 
100 1 |a Horváthová, Marta 
700 1 |a Chajdiak, Jozef 
710 2 |a Vysoká škola ekonomická v Bratislave